000 01115nam a2200253Ia 4500
003 OSt
005 20220930095002.0
006 a|||||r|||| 00| 0
007 ta
008 220926b |||||||| |||| 00| 0 san d
024 _a62921
037 _cTheses
040 _aCRL
_cCRL
_bsan
041 _2san
_asan
100 _aवेदवर्द्धन, ले.
110 _aदिल्ली विश्वविद्यालय. कला संकाय. संस्कृत विभाग
245 0 _aबौद्ध दर्शन में शब्दार्थ - विमर्श
_b दिङ्नाग एवं शान्तरक्षित के संदर्भ में
246 _aBauddha darshan mean shabdārtha - vimarsha: dinnāg evan shāntarakṣhit ke sandarbha mean
260 _c2018
300 _a466पृ0
_ap.
_ccm.
700 _aदिल्ली विश्वविद्यालय. कला संकाय. संस्कृत विभाग
942 _cDIS
_2CC
999 _c888111
_d888111